Geography Quiz

Random Geography or Blitz Quiz
Score 0/15 Timer 00:15
32 Plays Today
% Correct
China
73.9%
Japan
73.2%
India
72.5%
Indonesia
71.2%
Taiwan
70%
Philippines
69.9%
Mongolia
67.2%
Kyrgyzstan
65.2%
% Correct
Uzbekistan
64.7%
Iran
64.7%
Iraq
63.9%
Syria
57.7%
Bahrain
56.1%
Israel
55.5%
Maldives
47%
Remove Ads.
Support Sporcle.
Get the best of Sporcle when you Go Orange. This ad-free experience offers more features, more stats, and more fun while also helping to support Sporcle. Thank you for becoming a member.

You're not logged in!

Compare scores with friends on all Sporcle quizzes.
OR
Log In

Show Comments

Extras

Top Quizzes Today


Score Distribution

Your Account Isn't Verified!

In order to create a playlist on Sporcle, you need to verify the email address you used during registration. Go to your Sporcle Settings to finish the process.

Report this User

Report this user for behavior that violates our Community Guidelines.

Details: